ბათუმის შოთა რუსთაველის სახელმწიფო უნივერსიტეტის ბიბლიოთეკა

ქართული ენის დონეთა ძირითადი მახასიათებლების ურთიერთზემოქმედებისათვის გლობალურ ენობრივ სისტემაში (ბიბ.ჩანაწერი № 51204)

000 -LEADER
fixed length control field 01574nam a2200277Ia 4500
001 - CONTROL NUMBER
control field 18163
003 - CONTROL NUMBER IDENTIFIER
control field GE_BSU
008 - FIXED-LENGTH DATA ELEMENTS--GENERAL INFORMATION
fixed length control field 181216s||||||||xx |||||||||||||| ||und||
020 ## - INTERNATIONAL STANDARD BOOK NUMBER
International Standard Book Number 9789941101946
040 ## - CATALOGING SOURCE
Transcribing agency GE_BSU
080 ## - UNIVERSAL DECIMAL CLASSIFICATION NUMBER
Universal Decimal Classification number 811.353.1'342
100 ## - MAIN ENTRY--PERSONAL NAME
Personal name უთურგაიძე , თედო
245 ## - TITLE STATEMENT
Title ქართული ენის დონეთა ძირითადი მახასიათებლების ურთიერთზემოქმედებისათვის გლობალურ ენობრივ სისტემაში
245 ## - TITLE STATEMENT
Statement of responsibility, etc. რედ. ეზუგბაია ,ლალი
250 ## - EDITION STATEMENT
Edition statement არნოლდ ჩიქობავას სახელობის ენათმეცნიერების ინსტიტუტი
260 ## - PUBLICATION, DISTRIBUTION, ETC.
Place of publication, distribution, etc. თბილისი
260 ## - PUBLICATION, DISTRIBUTION, ETC.
Name of publisher, distributor, etc. მერიდიანი
260 ## - PUBLICATION, DISTRIBUTION, ETC.
Date of publication, distribution, etc. 2009
300 ## - PHYSICAL DESCRIPTION
Extent 243გვ.20სმ.
300 ## - PHYSICAL DESCRIPTION
Accompanying material ბიბლ.გვ.238-243
653 ## - INDEX TERM--UNCONTROLLED
Uncontrolled term ქართული ენა
653 ## - INDEX TERM--UNCONTROLLED
Uncontrolled term ქართული ენის დონეთა ძირითადი მახასიათებლების ურთიერთზემოქმედებისათვის გლობალურ ენობრივ სისტემაში
653 ## - INDEX TERM--UNCONTROLLED
Uncontrolled term ქართული ენის ფონეტიკა; ქართული ენის მორფოლოგია; ქართული ენის სინტაქსი;
942 ## - ADDED ENTRY ELEMENTS (KOHA)
Koha item type წიგნი
ეგზემპლარები
Withdrawn status Lost status Damaged status Not for loan Date acquired Barcode Date last seen Price effective from Koha item type
        2018-12-17 46332 2018-12-17 2018-12-17 წიგნი